| 000 | 01811nam0a2200409 4500 | ||
|---|---|---|---|
| 001 | RU\NLR\bibl\1182935 | ||
| 005 | 20250615092714.0 | ||
| 010 |
_a978-5-7834-0192-3 _b(в пер.) _9500 |
||
| 021 |
_aRU _b2007-83598 _94504 |
||
| 035 | _a(NLR Aleph) 001169529 | ||
| 090 |
_a1588489 _c1588489 |
||
| 100 | _a20080128d2007 |||y0rusy50 ca | ||
| 101 | 0 | _arus | |
| 102 | _aRU | ||
| 105 | _ay ||||||||| | ||
| 200 | 1 |
_aКонфликт из-за островов Южно-Китайского моря: история, характер урегулирования, перспективы эволюции _fЕ. А. Канаев |
|
| 210 |
_aМосква _cГотика _d2007 |
||
| 215 |
_a322 с. _cил. _d21 |
||
| 320 | _aБиблиогр.: с. 266-304 и в примеч.: с. 225-265 | ||
| 606 | 1 |
_aМеждународные конфликты _yАзиатские страны _z1945 - _92459225 _3RU\NLR\auth\661461462 |
|
| 610 | 0 | _aТерриториальные споры в международном праве | |
| 610 | 0 |
_aОстрова - Правовое положение _aЮжно-Китайское море |
|
| 610 | 0 | _aМеждународные отношения в Юго-Восточной Азии - История | |
| 610 | 0 | _aЮжно-Китайское море, междунар. отношения | |
| 610 | 0 | _aЮго-Восточная Азия, междунар. отношения | |
| 675 |
_a327.8 _v3 _zrus |
||
| 686 |
_a11.25 _2rugasnti |
||
| 686 |
_a66.4(0) _2rubbk |
||
| 686 | _aТ3(5)63-6 | ||
| 686 | _aЦ35(0)63 | ||
| 700 | 1 |
_aКанаев _bЕ. А. _gЕвгений Александрович _4070 |
|
| 801 | 0 |
_aRU _bRKP _c20080128 _gPSBO |
|
| 801 | 1 |
_aRU _bRKP _c20080128 |
|
| 801 | 2 |
_aRU _bNLR _c20080201 _grcr |
|
| 942 | _cBOOK | ||
| 980 | _aNB | ||